| 000 | 00817cab a2200217 4500 | ||
|---|---|---|---|
| 001 | WB3307-11 | ||
| 008 | 090401t1997 xxu||||| |||| 00| 0 eng d | ||
| 035 | _a(Sirsi) u49448 | ||
| 041 | _aeng | ||
| 245 | _aNew firms outstrip older rivals | ||
| 260 | _c1997 | ||
| 350 | _a0 | ||
| 490 |
_aEstates Gazette _v(9706) 8 February 1997, 58(1) |
||
| 520 | _aAccording to Plimsoll`s "Portfolio analysis property top 1000" which analyses the financial performance of 1000 quoted and private property companies, the more recently formed firms are outperforming the older established ones. (Plimsoll £305 Tel 01642 230977) | ||
| 650 | _aFINANCIAL PERFORMANCE | ||
| 650 | _aPROPERTY COMPANIES | ||
| 650 | _aQUOTED COMPANIES | ||
| 690 | _aPROPERTY-PROPERTY FINANCE AND INVESTMENT | ||
| 942 | _n0 | ||
| 948 | _c04/03/1997 | ||
| 999 |
_c30944 _d30944 |
||